000 00841nam a2200241Ia 4500
003 GCL
005 20240530105024.0
008 140319s9999 xx 000 0 ara d
040 _aGCL /
_cGCL
082 0 4 _a001.6
_bم د
100 1 _aمصطفى رضا عبدالوهاب
245 1 0 _aدائرة معارف الحاسب الالكترونى /
_cمصطفى رضا عبدالوهاب
260 _a[S.N] :
_bلجنة الاعلام والدراسات المستقبلية ،
_c1991
300 _a493 ص
650 0 4 _aالحاسبات الالكترونية
650 0 4 _aنظم المعلومات
650 0 4 _aنظم التشغيل
700 1 _aمحمد على الشرقاوى
700 1 _aعزت ابراهيم شداد
700 1 _aهانى كمال مهدى
700 1 _aمحمد فهمى طلبه
942 _2ddc
_cBK
999 _c52570
_d52570